| 000 | 006040000a22001570004500 | ||
|---|---|---|---|
| 090 | _aT So56h | ||
| 100 | 1 | _aSomoyar Ordosgoitia, José Luis | |
| 245 | 1 | 0 | _aHacia una dinamica del desarrollo y Crecimiento de la iglesia local en la AIEC / José Luis Somoyar Ordoisgoitia |
| 260 | _aMedellín, Colombia | ||
| 300 | _aPag 117 | ||
| 500 | _aTesis (licenciatura)--Seminario bíblico de Colombia | ||
| 502 | _aPresidente del jurado: Marcos Wittig; Jurado:Donaldo Sendek | ||
| 520 | _a- Exégesis de Efesios 4:11-16 - Lectura de Efesios - Encuesta - Análisis de la encuesta | ||
| 001 | 5221 | ||
| 942 | _cBK | ||
| 999 |
_c35648 _d35648 |
||